| 000 | 00437nam a2200157 4500 | ||
|---|---|---|---|
| 999 |
_c511915 _d511915 |
||
| 008 | 191022b ||||| |||| 00| 0 eng d | ||
| 100 |
_aGatade, Subhash _912404 |
||
| 245 | _aModi: Fascinated by Manu | ||
| 260 | _bMainstream | ||
| 300 | _a57(41), 28 Sep, 2019: p.4-9. | ||
| 650 |
_aNarendra Modi _912405 |
||
| 650 |
_aPrime Minister _912406 |
||
| 773 | _aMainstream | ||
| 906 | _aIndia - Politics and Government | ||
| 942 |
_2ddc _cAR |
||